000 01027cam a22003251 4500
001 22198
003 BD-RjUL
005 20211209000758.0
008 140306r19631954ii 001 0 eng
035 _a(BD-RjUL)22263
035 _a(OCoLC)408193
040 _aDLC
_cOClW
_dOCoLC
_dBD-RjUL
_beng
041 _aeng
082 0 0 _a910
_bVAE 1963
100 1 _aVan Valkenburg, Samuel,
_d1891-
_968513
245 1 0 _aElements of political geography /
_cSamuel Van Valkenburg and Carl L. Stotz.
250 _a2d ed.
260 _aNew Delhi :
_bPrentice-Hall,
_cc1954 [Reprinted 1963].
300 _axvi, 400 p. :
_bmaps (1 fold. col.) ;
_c24 cm.
504 _aBibliography": p. 379-387
650 0 _aGeography.
_968515
650 0 _aWorld politics.
_968517
650 0 _aBoundaries.
_968518
650 0 _aHuman geography.
_968519
700 1 _aStotz, Carl Louis,
_d1908-
_ejoint author.
_968520
942 _2ddc
_cBK
999 _c22198
_d22198